|
|
|
|
| LEADER |
01374nam a22003614a 4500 |
| 001 |
EBC343806 |
| 003 |
MiAaPQ |
| 005 |
20200520144314.0 |
| 006 |
m o d | |
| 007 |
cr cn||||||||| |
| 008 |
040521s2004 enk sb 001 0 eng |
| 010 |
|
|
|z 2004050896
|
| 020 |
|
|
|z 1403912874
|
| 035 |
|
|
|a (MiAaPQ)EBC343806
|
| 035 |
|
|
|a (Au-PeEL)EBL343806
|
| 035 |
|
|
|a (CaPaEBR)ebr10103775
|
| 035 |
|
|
|a (CaONFJC)MIL28284
|
| 035 |
|
|
|a (OCoLC)314898089
|
| 040 |
|
|
|a MiAaPQ
|c MiAaPQ
|d MiAaPQ
|
| 043 |
|
|
|a e-uk---
|
| 050 |
|
4 |
|a HD7287.92.G7
|b H69 2004
|
| 082 |
0 |
4 |
|a 363.5/946/0941
|2 22
|
| 245 |
0 |
0 |
|a Housing decisions in later life
|h [electronic resource] /
|c Roger Clough ... [et al.].
|
| 260 |
|
|
|a Houndmills, Basingstoke, Hampshire ;
|a New York, N.Y. :
|b Palgrave Macmillan,
|c 2004.
|
| 300 |
|
|
|a xi, 255 p.
|
| 504 |
|
|
|a Includes bibliographical references (p. 240-247) and indexes.
|
| 533 |
|
|
|a Electronic reproduction. Ann Arbor, MI : ProQuest, 2015. Available via World Wide Web. Access may be limited to ProQuest affiliated libraries.
|
| 650 |
|
0 |
|a Older people
|x Housing
|z Great Britain
|x Decision making.
|
| 650 |
|
0 |
|a Housing
|x Resident satisfaction
|z Great Britain.
|
| 655 |
|
4 |
|a Electronic books.
|
| 700 |
1 |
|
|a Clough, Roger.
|
| 710 |
2 |
|
|a ProQuest (Firm)
|
| 856 |
4 |
0 |
|u https://ebookcentral.proquest.com/lib/matrademy/detail.action?docID=343806
|z Click to View
|